Salada, Saladinha - Parlendas (Record no. 125152)

MARC details
000 -LÍDER
campo de controle de tamanho fixo 00466 a2200121 4500
001 - NÚMERO DE CONTROLE
campo de controle 125152
040 ## - FONTE DA CATALOGAÇÃO
Instituição que transcreveu o registro Escola Canadense de Niteroi
090 ## - NÚMERO DE CHAMADA LOCAL
Número de chamada (OCLC) (R); Número de chamada, CALL (RLIN) (NR) S2
100 ## - ENTRADA PRINCIPAL--NOME PESSOAL
Nome pessoal Nóbrega, Maria José
245 10 - TÍTULO
Título Salada, Saladinha - Parlendas
520 ## - NOTA DE RESUMO, ETC
Resumo, etc. Salada, saladinha já vem temperadinha com sal, pimenta e parlendas de primeiríssima qualidade. Barra-manteiga, corre cutia, Esconde bem, que já te vi. Quem quer entrar na brincadeira Abra este livro aqui!
942 ## - ELEMENTOS DE ENTRADA ADICIONADOS (KOHA)
Tipo de material Koha Livros
Holdings
Situação do descarte Situação das perdas Situação física Não pode ser emprestado Biblioteca de origem Biblioteca atual Data de aquisição Total de empréstimos Número de chamada completo Código de barras Data de último acesso Data do preço efetivo Tipo de material Koha
        Canadian School of Niterói - Piratininga Canadian School of Niterói - Piratininga 09/02/2024   S2 A02479 09/02/2024 09/02/2024 Livros